000 00509nam a22001937a 4500
005 20190810121515.0
008 190810b xxu||||| |||| 00| 0 eng d
020 _a9788129522894
_cRs.200.00
040 _aLoreto College
041 _aBengali
082 _a491.44
_bMAJ
100 _aMajumder,Paresh Chandra
245 _aBangla bhasa parikrama
_cParesh Chandra Majumder
260 _aKolkata
_bDey's Publishing
_c2015
300 _aVol.1
650 _aBengali language
850 _aLCLIB
942 _cBK
999 _c42339
_d92818